Дело по отношению Киевского военного губернатора, Подольского и Волынского генерал-губернатора об утверждении таксы сбора за пер...

Доступно только в Электронных читальных залах Найти на картеНа карте
RUSMARC
00003833nmc2a2200000 x 450
00100e2cb12-4e0f-42cc-af3f-60a2f727ae21
00520171118004024.0
100##$a20160906l18461847k l0rusy0189 ca
1010#$arus
102##$aRU
2001#$aДело по отношению Киевского военного губернатора, Подольского и Волынского генерал-губернатора об утверждении таксы сбора за переправу через реку Случь в местечке Любаре, принадлежащей помещице Валевской Новоградволынского уезда Волынской губернии
$j7 декабря 1846 г. - 12 марта 1847 г.
251##$cДело
300##$aДело
801#0$aRU
$bРГИА
$c20160906
$gRCR
801#1$aRU
$bГлавНИВЦ
$c20160906
$2rusmarc
801#2$aRU
$bПБ им. Б.Н. Ельцина
$c20171118
$gRCR
$2rusmarc
850##$aРГИА
852##$aРГИА
$eФедеральное казенное учреждение "Российский государственный исторический архив" (РГИА)
$j1363
937##$hРГИА
$d12207234
$aASBIBLIO_SCAN
462#0$1001a27eaba9-7cb9-40a7-a26f-8911768d1c13
$12001
$a1846-1847 гг. Дела Департамента полиции исполнительной за 1846 г.
$1251
$cОпись
$1852
$j10
461#0$10013e300ed0-cd39-49af-8489-5ba5b90fa401
$12001
$aДепартамент полиции исполнительной МВД
$1251
$cФонд
$1852
$j1286
215##$a16 л.
$d36,5х26 см
371##$aДокумент не является опубликованным и широко распространяемым
105##$ay###
1222#$ad
035##$a00e2cb12-4e0f-42cc-af3f-60a2f727ae21
856##$uhttp://readingroom.main.prlib.ru/item.aspx?id_node=n109244295&mode=full
Формат отображения